01422nam a2200337Ia 4500001001200000003000800012006001900020007001500039008004100054020001800095020002600113040002100139035002100160050002800181100001800209245015700227246004600384260005000430300002500480504005100505533015200556650003300708651004300741651003800784651003900822651003400861655002900895710001700924856012600941999001701067ebr10605264CaPaEBRm u cr cn|||||||||111017s2011 si a sb 001 0 eng d z9789814332163 z9789814332484 (ebook) aCaPaEBRcCaPaEBR a(OCoLC)81547143414aHC427.92b.C4251 2011eb1 aCheng, Siwei.10aSelected works of Cheng Siweih[electronic resource] :beconomic reforms and development in China.nVolume 1 /cCheng Siwei, translated by Chan Sin-wai.3 aEconomic reforms and development in China aSingapore :bEnrich Professional Pub.,c2011. axiii, 389 p. :bill. aIncludes bibliographical references and index. aElectronic reproduction.bPalo Alto, Calif. :cebrary,d2011.nAvailable via World Wide Web.nAccess may be limited to ebrary affiliated libraries. 0aEconomic developmentzChina. 0aChinaxEconomic conditionsy1976-2000. 0aChinaxEconomic conditionsy2000- 0aChinaxEconomic policyy1976-2000. 0aChinaxEconomic policyy2000- 7aElectronic books.2local2 aebrary, Inc.40uhttp://site.ebrary.com/lib/rucke/Doc?id=10605264zAn electronic book accessible through the World Wide Web; click to view c97176d97176